Reflexiones de bolsillo / (Registro nro. 8040)

Detalles MARC
000 -LIDER
fixed length control field 01219nam a2200349 a 4500
001 - NÚMERO DE CONTROL
Identificador de número de control 000013666
003 - IDENTIFICACDOR DE NÚMERO DE CONTROL
control field DO-SdBNP
005 - DATE AND TIME OF LATEST TRANSACTION
control field 20170927090519.0
007 - CAMPOS FIJOS DE DESCRIPCIÓN FÍSICA
fixed length control field 000013666
008 - ELEMENTOS DE LONGITUD FIJA
fixed length control field 091127s2002 dr a 001 m spa d
020 ## - ISBN
International Standard Book Number 9993425257
040 ## - FUENTE DE CATALOGACIÓN
Agencia que crea de manera original el registro BPMSU
Idioma de catalogación spa
Agencia que realiza la transcripción BPMSU
082 #4 - NÚMERO DE CLASIFICACIÓN DECIMAL DE DEWEY
Classification number RD868.5
Item number C117t
100 1# - ASIENTO PRINCIPAL -- NOMBRE PERSONAL
Nombre personal Cabrera, Carlos Enrique
245 10 - MENCIÓN DE TITULO
Título Reflexiones de bolsillo /
Mención de responsabilidad Carlos Enrique Cabrera ; prólogo Manuel Matos Moquete.
260 ## - PUBLICACIÓN, DISTRIBUCIÓN, ETC. (PIE DE IMPRENTA)
Lugar de publicación, distribución, etc Santo Domingo :
Nombre del editor, distribuidor, etc. INTEC,
Fecha de publicación, distribución, etc 2002.
300 ## - DESCRIPCIÓN FÍSICA
Extensión 145 p. :
Otros detalles físicos il. ;
Dimensiones 22 cm.
500 ## - NOTA GENERAL
Nota general Incluye datos biográficos del autor en la contracubierta.
650 #4 - ENCABEZAMIENTO DE MATERIA--TEMÁTICO
Término temático o nombre geográfico como elemento de entrada PROSA DOMINICANA
650 #4 - ENCABEZAMIENTO DE MATERIA--TEMÁTICO
Término temático o nombre geográfico como elemento de entrada LITERATURA DOMINICANA
700 1# - ASIENTO SECUNDARIO -- NOMBRE PERSONAL
Nombre personal Matos Moquete, Manuel,
Fechas asociadas con el nombre 1944-,
Mención de responsabilidad pról.
710 22 - ASIENTO SECUNDARIO -- NOMBRE CORPORATIVO
Término de relación Instituto Tecnológico de Santo Domingo,
910 ## - VALIDACIÓN
Validación Validado. Control de calidad EMS
930 #1 - EQUIVALENCE OR CROSS-REFERENCE-UNIFORM TITLE HEADING [LOCAL, CANADA]
Language of a work BND01
Medium of performance for music LF1
Medium RD868.5
Field link and sequence number 20130513
Date of a work 04
Name of part/section of a work HD
Miscellaneous information 8574
930 #1 - EQUIVALENCE OR CROSS-REFERENCE-UNIFORM TITLE HEADING [LOCAL, CANADA]
Language of a work BND01
Medium of performance for music LF1
Medium RD868.5
Field link and sequence number 20130513
Date of a work 04
Name of part/section of a work HD
Miscellaneous information 8574
Medium e. 2
942 ## - ADDED ENTRY ELEMENTS (KOHA)
Source of classification or shelving scheme Dewey Decimal Classification
Koha item type Libros
945 ## - INFORMACIÓN DE PROCESAMIENTO LOCAL
Información de procesamiento local Inventariado, 2017/MFF
956 ## - LOCAL ELECTRONIC LOCATION AND ACCESS (OCLC)
Nombre de host AVARGAS
Número de acceso 10
Información de compresión 20091127
Inicio de sesión BND01
Procesador de solicitud 1053
956 ## - LOCAL ELECTRONIC LOCATION AND ACCESS (OCLC)
Nombre de host NMORDAN
Número de acceso 10
Información de compresión 20130412
Inicio de sesión BND01
Procesador de solicitud 1108
956 ## - LOCAL ELECTRONIC LOCATION AND ACCESS (OCLC)
Nombre de host EMARRERO
Número de acceso 40
Información de compresión 20131215
Inicio de sesión BND01
Procesador de solicitud 2230
956 ## - LOCAL ELECTRONIC LOCATION AND ACCESS (OCLC)
Nombre de host VMATEO
Número de acceso 10
Información de compresión 20150731
Inicio de sesión BPMSU
Procesador de solicitud 00151
Existencias
Withdrawn status Lost status Source of classification or shelving scheme Damaged status Not for loan Collection code Home library Current library Date acquired Source of acquisition Total Checkouts Full call number Barcode Date last seen Price effective from Koha item type Copy number
    Dewey Decimal Classification     Colección Dominicana Biblioteca Pública Metropolitana Salomé Ureña Biblioteca Pública Metropolitana Salomé Ureña 09/25/2015 Donación FUNDI   RD868.5 C117t BPMSU15090165 09/25/2015 09/25/2015 Libros  
    Dewey Decimal Classification     Colección Dominicana Biblioteca Pública Metropolitana Salomé Ureña Biblioteca Pública Metropolitana Salomé Ureña 09/25/2015 Donación FUNDI   RD868.5 C117t BPMET15090166 09/25/2015 09/25/2015 Libros ej. 2